The Egyptian enigma, 1890-1928 /

محفوظ في:

المؤلف الرئيسي: Marshall, John Edwin, 1864- (مؤلف)

التنسيق: كتاب

اللغة: English

الموضوعات:

الوسوم: إضافة وسم

لا توجد وسوم, كن أول من يضع وسما على هذه التسجيلة!

رقم الطلب: J107 .M3 1928

LEADER 00742namaa2200229 4500
001 21446
003 OSt
005 20210911111424.0
008 130303s1928 enk g 000 0 eng d
952 |0 0  |1 0  |2 lcc  |4 0  |6 J0107 M3 01928  |7 1  |9 18588  |a ARCE  |b ARCE  |d 2021-09-11  |l 0  |o J107 .M3 1928  |p 1000850  |r 2021-09-11 00:00:00  |w 2021-09-11  |y BK 
999 |c 21707  |d 21707 
010 |a 29009906 
040 |c ARCE Library 
043 |a f-ua--- 
050 0 4 |a J107 .M3 1928 
100 1 |a Marshall, John Edwin,  |d 1864-  |e author 
245 1 4 |a The Egyptian enigma, 1890-1928 /  |c by J. E. Marshall. 
264 1 |a London :  |b J. Murray,  |c 1928. 
300 |a xii, 342 pages ;  |c 23 cm. 
651 0 |a Egypt  |x History  |y British occupation, 1882-1936. 
901 |a reviewed 
942 |c BK  |2 lcc